| 000 | 00659nam a22002172 4500 | ||
|---|---|---|---|
| 001 | 0000012031 | ||
| 005 | 20151217152106.0 | ||
| 008 | 090126s xx 000 0 eng d | ||
| 020 | _a1591859604 : | ||
| 040 |
_aKABU _cKABU |
||
| 100 | 1 |
_aBevere, John. _@0000161083 |
|
| 245 | 1 | 0 |
_aEnemy access denied / _cJohn Bevere. |
| 250 | _a1st ed. | ||
| 260 |
_aLake Mary, Florida : _bCharisma House, _c2006. |
||
| 300 | _avii, 187 p. | ||
| 500 | _aPreviously published as The Devil's door by Charisma House. | ||
| 650 | 0 |
_aSpiritual warfare. _@0000149472 |
|
| 852 | 1 | _9p980 KES | |
| 908 | _a090126 | ||
| 950 | _@1 | ||
| 999 |
_c8157 _d8157 |
||